Ukraine´s Accession to the WTO and its Influence on the European Integration of Ukraine

Saved in:
Bibliographic Details
Main Author: Stashuk, Roman, 1980-
Format: Book Chapter
Language:English
Subjects:
Tags: Add Tag
No Tags, Be the first to tag this record!

MARC

LEADER 00000nla a2200000 4500
001 0204615
005 20240502073421.7
041 0 |a eng 
044 |a SK 
245 1 0 |a Ukraine´s Accession to the WTO and its Influence on the European Integration of Ukraine  |c Roman Stashuk 
610 2 0 |a obchod svetový 
610 2 0 |a Ukrajina 
610 2 0 |a Európska únia 
610 2 0 |a Svetová obchodná organizácia 
610 2 0 |a integrácia ekonomická medzinárodná 
610 2 0 |a stratégia investičná 
610 2 0 |a obchod medzinárodný 
100 1 |a Stashuk, Roman, 1980-